System of a Down Albums Tile Select - Statistics

General Stats
  • This quiz has been taken 435 times
  • The average score is 36 of 45
Answer Stats
Question Tile Select % Correct
the following songs that are on System of a Down (1998). Prison Song No
97%
the following songs that are on System of a Down (1998). Jet Pilot No
95%
the following songs that are on System of a Down (1998). Deer Dance No
94%
the following songs that are on Toxicity (2001). Highway Song No
93%
the following songs that are on Toxicity (2001). Aerials Yes
92%
the following songs that are on Toxicity (2001). Chop Suey! Yes
92%
the following songs that are on Toxicity (2001). Suggestions No
92%
the following songs that are on Toxicity (2001). Ego Brain No
91%
the following songs that are on Steal This Album! (2002). I-E-A-I-A-I-O Yes
91%
the following songs that are on System of a Down (1998). Spiders Yes
91%
the following songs that are on System of a Down (1998). War? Yes
91%
the following songs that are on System of a Down (1998). Psycho No
90%
the following songs that are on System of a Down (1998). Sugar Yes
90%
the following songs that are on System of a Down (1998). P.L.U.C.K. Yes
88%
the following songs that are on Steal This Album! (2002). Lost in Hollywood No
86%
the following songs that are on Steal This Album! (2002). Attack No
85%
the following songs that are on Steal This Album! (2002). Dreaming No
85%
the following songs that are on Mezmerize (2005). B.Y.O.B. Yes
84%
the following songs that are on Toxicity (2001). Needles Yes
84%
the following songs that are on System of a Down (1998). Peephole Yes
84%
the following songs that are on Steal This Album! (2002). Bounce No
83%
the following songs that are on Steal This Album! (2002). Innervision Yes
83%
the following songs that are on Hypnotize (2005). Darts No
82%
the following songs that are on Toxicity (2001). Forest Yes
82%
the following songs that are on Mezmerize (2005). Radio/Video Yes
82%
the following songs that are on Hypnotize (2005). Streamline No
82%
the following songs that are on Steal This Album! (2002). Boom! Yes
81%
the following songs that are on Steal This Album! (2002). Mr. Jack Yes
81%
the following songs that are on Hypnotize (2005). Vicinity of Obscenity Yes
81%
the following songs that are on Mezmerize (2005). Stealing Society No
80%
the following songs that are on Toxicity (2001). Science Yes
79%
the following songs that are on Toxicity (2001). X Yes
79%
the following songs that are on Hypnotize (2005). Holy Mountains Yes
74%
the following songs that are on Hypnotize (2005). Kill Rock 'n Roll Yes
74%
the following songs that are on Mezmerize (2005). She's Like Heroin No
72%
the following songs that are on Mezmerize (2005). Old School Hollywood Yes
71%
the following songs that are on Mezmerize (2005). Sad Statue Yes
70%
the following songs that are on Steal This Album! (2002). Thetawaves Yes
70%
the following songs that are on Mezmerize (2005). Question! Yes
69%
the following songs that are on Hypnotize (2005). Revenga No
69%
the following songs that are on Mezmerize (2005). Lonely Day No
68%
the following songs that are on Hypnotize (2005). Cigaro No
62%
the following songs that are on Mezmerize (2005). Soldier Side No
62%
the following songs that are on Hypnotize (2005). Tentative Yes
62%
the following songs that are on Hypnotize (2005). This Cocaine Makes Me Feel Like I'm on This Song No
58%
No matching quizzes found
Score Distribution
Percent of People with Each Score
Percentile by Number Answered
Your Score History
You have not taken this quiz